Graduate Studies 1988 the complete reference source for postgraduate study in the UK
Αποθηκεύτηκε σε:
| Άλλοι συγγραφείς: | |
|---|---|
| Μορφή: | Βιβλίο |
| Γλώσσα: | English |
| Δημοσίευση: |
Cambridge :
Hobsons Publishing PLC ,
c1988
|
| Θέματα: | |
| Ετικέτες: |
Προσθήκη ετικέτας
Δεν υπάρχουν, Καταχωρήστε ετικέτα πρώτοι!
|
MARC
| LEADER | 00000nam a2200000 i 4500 | ||
|---|---|---|---|
| 001 | 1/70896 | ||
| 008 | 960717s1988 eng d | ||
| 020 | |a 1-85324-088-5 | ||
| 035 | |a 1988 |b 3 |c Αφένδρας |l 10030788 | ||
| 040 | |a GR-MY-UA |b gre |e aacr | ||
| 041 | 0 | |a eng | |
| 082 | 0 | |a Π 378.155302541 | |
| 245 | 1 | 0 | |a Graduate Studies 1988/89 : |b the complete reference source for postgraduate study in the UK / |c consultant editor W. T. Mason |
| 260 | |a Cambridge : |b Hobsons Publishing PLC , |c c1988 | ||
| 300 | |a 1006 p. | ||
| 504 | |a Includes index | ||
| 650 | 0 | 0 | |a Universities and Colleges |z Great Britain |x Graduate work |x Directories. |
| 700 | 1 | |a Mason, W. T. |4 edt | |
| 852 | |a INST |b RHODES |e 19960717 |h 378.155302541 GRA |p 005400008983 |q 005400008983 |t REF |y 23 | ||
| 909 | |a Ρ |b 013017 |c 1988 | ||